00412nam a22001577a 4500003001100000005001700011008004100028020001500069040003900084041000800123082001500131100001900146245003400165260004400199650001100243LK-CoMWRAF20230921124122.0230921b1997 |||||||| |||| 00| 0 eng d a1570621802 aLK-CoMWRAFdLK-CoMWRAFeLK-CoMWRAF aeng a297.4bERN aErnst, Carl W. aThe Shambhala Guide to Sufism aBoston :bShambhala publications,c1997 aSufusm